Le discours et le code: Portalis, deux siécles aprés le Code Napoléon

Saved in:
Bibliografiske detaljer
Format: Bog
Sprog:fransk
Udgivet: París LexisNexis 2004
Fag:
Tags: Tilføj Tag
Ingen Tags, Vær først til at tagge denne postø!

MARC

LEADER 00000nam a2200000 a 4500
001 UCI7811
003 CL-VaPUC
008 080725e20040000FR |||||||||||||||||fre|d
020 |a 2711004384 
082 0 4 |a 346.44  |b DIS  |2 21 
245 1 3 |a Le discours et le code: Portalis, deux siécles aprés le Code Napoléon 
300 |a 398 p 
942 |c BK 
945 |d 20080725 00:00:00  |a rbrito 
260 |a París  |b LexisNexis  |c 2004 
650 0 |a Código civil francés  |9 405960 
650 0 |a Jurisprudencia  |9 255952 
650 0 |a Derecho civil  |9 255013 
583 |a last modification  |c 20080725 00:00:00  |k Rodrigo Vera 
999 |c 330953  |d 330951 
952 |0 0  |1 0  |4 0  |6 346_440000000000000_DIS_2004  |7 0  |8 A  |9 416958  |a BIBDER  |b BIBDER  |d 2019-11-22  |i 4464397  |o 346.44 DIS 2004  |p 4464397  |r 2023-01-25  |w 2019-11-22  |y BK  |k DER